Pembuli Sudah Insaf

Bibliographic Details
Main Author: Syed Mahadzir
Format: Book
Published: Selangor : Cooray's House Of Publication Sdn Bhd , (s.n)
Series:Siri Hentikan Buli

MARC

LEADER 00000cam a2200000 7i4500
001 0000051754
005 20180122.0
008 150908
020 |a 9832852811(set) 
020 |a 983285282X 
090 0 0 |a MOR   |b MAL 
100 0 |a Syed Mahadzir 
245 1 0 |a Pembuli Sudah Insaf   |c Syed Mahadzir 
260 |a Selangor :   |b Cooray's House Of Publication Sdn Bhd ,   |c (s.n) 
490 0 |a Siri Hentikan Buli 
999 |a 0001052102   |b Book   |c Children Collection   |e Cawangan Taman Universiti 
999 |a 0001052103   |b Book   |c Children Collection   |e Cawangan Pontian 
999 |a 0001052104   |b Book   |c Children Collection   |e Cawangan Taman Sri Lambak 
999 |a 0001052105   |b Book   |c Children Collection   |e Cawangan Kota Tinggi 
999 |a 0001071117   |b Book   |c Children Collection   |e Cawangan Taman Universiti 
999 |a 0001071132   |b Book   |c Children Collection   |e Cawangan Taman Universiti 
999 |a 0001075577   |b Book   |c Children Collection   |e Cawangan Pontian 
999 |a 0001075589   |b Book   |c Children Collection   |e Cawangan Mersing 
999 |a 0001075591   |b Book   |c Children Collection   |e Cawangan Bandar Penawar 
999 |a 0001075608   |b Book   |c Children Collection   |e Cawangan Tmn. Ungku Tun Aminah 
999 |a 0001075612   |b Book   |c Children Collection   |e Cawangan Segamat 
999 |a 0001130574   |b Book   |c Teenagers   |e Cawangan Bandar Tenggara 
999 |a 0001130684   |b Book   |c Children Collection   |e Cawangan Bandar Penawar 
999 |a 0001130704   |b Book   |c Children Collection   |e Cawangan Bukit Gambir 
999 |a 0001130724   |b Book   |c Children Collection   |e Cawangan Pontian 
999 |a 0001135221   |b Book   |c Children Collection   |e Cawangan Bandar Penawar 
999 |a 0001138920   |b Book   |c Children Collection   |e Cawangan Bukit Gambir